| 000 | 00446nam a2200181Ia 4500 | ||
|---|---|---|---|
| 008 | 230512s9999 xx 000 0 und d | ||
| 041 | _aeng | ||
| 082 | _a5.14 | ||
| 100 | _aSRINIVASAN D/ GOPALSWAMY R | ||
| 245 | _aSOFTWARE TESTING - PRINCIPLES AND PRACTICES | ||
| 250 | _a1 | ||
| 260 | _bPEARSON EDUCATION PVT. LTD. DELHI110092 | ||
| 300 | _a486 | ||
| 365 | _b290 | ||
| 500 | _aPaper Back | ||
| 520 | _aText Book | ||
| 650 | _aComputer | ||
| 999 |
_c413349 _d413349 |
||